000 00906 a2200205 4500
001 55412
005 20260407155828.0
008 260407a1972 arg spa d
003 AR-UNSa-BCEJYS
040 _aAR-UNSa-BCEJYS
_bspa
_cAR-UNSa-BCEJYS
080 _a339.92
_xCooperación económica internacional. Integración económica internacional
245 1 0 _aLa integración económica y los países de menor desarrollo relativo
_pla experiencia de Austria y Portugal en la EFTA
264 1 _aBuenos Aires :
_bInstituto para la Integración de América Latina (INTAL)
_c1972
300 _a120 p,.
_c23 cm.
505 _a1. Introducción - 2. La formación de la EFTA - 3. Los efectos de la creación de la EFTA - 4. La experiencia de Portugal en la EFTA; 5. La experiencia de Austria en la EFTA
041 _aspa
942 _cBK
590 _aniveau_biblio:m niveau_hierar:0
100 1 _aTamames, Ramón
999 _c5945
_d5945